| 000 | 00716nam a2200253Ia 4500 | ||
|---|---|---|---|
| 003 | OSt | ||
| 005 | 20220918175336.0 | ||
| 006 | a|||||r|||| 00| 0 | ||
| 007 | ta | ||
| 008 | 220917b |||||||| |||| 00| 0 eng d | ||
| 024 | _a16,652 | ||
| 037 | _cTextual | ||
| 040 |
_aARTS _cARTS _beng |
||
| 041 |
_2eng _aeng |
||
| 082 | _aO111,1L70w, L5 | ||
| 100 |
_aReed Mark L. _953611 |
||
| 245 | 0 |
_aWordsworth _b The chronology of the middle years 1800-1815 |
|
| 260 |
_aCambridge _bHarvard Univ Press _c1975 |
||
| 300 |
_axiii,782p. _ccm. |
||
| 500 | _aAppendices 613-711p (I-X) | ||
| 650 | _aENGLISH LITERATURE | ||
| 942 |
_hO111,1L70w, L5 _cTEXL _2CC |
||
| 999 |
_c157028 _d157028 |
||